Statistics for Actors In Music Videos

Click here to take the quiz!

General Stats

  • This quiz has been taken 12 times
  • The average score is 4 of 15

Answer Stats

ArtistSongActor% Correct
Fatboy Slim ft. Bootsy CollinsWeapon of ChoiceChristopher Walken
67%
Coolio ft. L.V.Gangsta's ParadiseMichelle Pfeiffer
67%
Michael JacksonThrillerVincent Price
50%
Jennifer LopezJenny From The BlockBen Affleck
42%
Weird Al YankovicTackyJack Black
25%
Elton JohnI Want LoveRobert Downey Jr.
25%
Ed SheeranLego HouseRupert Grint
25%
Will SmithMiamiEva Mendes
17%
Limp BizkitBehind Blue EyesHalle Berry
17%
SiaElastic HeartShia LaBeouf
17%
Katy PerryThe One That Got AwayDiego Luna
8%
EminemPhenomenalJohn Malkovich
8%
Terror Squad ft. Fat Joe, Remy MaLean BackKevin Hart
8%
The Rolling StonesRide 'Em On DownKristen Stewart
8%
Joyner LucasZim ZimmaMark Wahlberg
8%

Score Distribution

Percentile by Number Answered

Percent of People with Each Score

Your Score History

You have not taken this quiz